00267nam a2200109Ia 4500008004100000100001700041245004200058250000800100260002400108300000800132650001700140191201s2011 xx 000 0 und d aHAYKIN,Siman 0aNeural Networks and Learning Machines a3rd aN. DelhibPHIc2011 a906 aM.Tech (ECE)